<?xml version="1.0" encoding="UTF-8"?>
<record
    xmlns:xsi="http://www.w3.org/2001/XMLSchema-instance"
    xsi:schemaLocation="http://www.loc.gov/MARC21/slim http://www.loc.gov/standards/marcxml/schema/MARC21slim.xsd"
    xmlns="http://www.loc.gov/MARC21/slim">

  <leader>01352nam a22002417a 4500</leader>
  <controlfield tag="005">20260624180946.0</controlfield>
  <controlfield tag="008">260624m20071989|||||||| |||| 00| 0 eng d</controlfield>
  <datafield tag="020" ind1=" " ind2=" ">
    <subfield code="a">9780781764339</subfield>
  </datafield>
  <datafield tag="040" ind1=" " ind2=" ">
    <subfield code="c">PK-LaUMT</subfield>
  </datafield>
  <datafield tag="082" ind1=" " ind2=" ">
    <subfield code="a">616.9944907572</subfield>
    <subfield code="b">PAR-A</subfield>
  </datafield>
  <datafield tag="100" ind1="1" ind2=" ">
    <subfield code="a">Paredes, Ellen Shaw De</subfield>
    <subfield code="9">13213</subfield>
  </datafield>
  <datafield tag="245" ind1="1" ind2="0">
    <subfield code="a">Atlas of mammography /</subfield>
    <subfield code="c">Ellen Shaw De Paredes</subfield>
  </datafield>
  <datafield tag="250" ind1=" " ind2=" ">
    <subfield code="a">3rd ed.</subfield>
  </datafield>
  <datafield tag="260" ind1=" " ind2=" ">
    <subfield code="a">Philadelphia :</subfield>
    <subfield code="b">Wolters Kluwer,</subfield>
    <subfield code="c">2007</subfield>
  </datafield>
  <datafield tag="300" ind1=" " ind2=" ">
    <subfield code="a">viii, 691 p.</subfield>
  </datafield>
  <datafield tag="500" ind1=" " ind2=" ">
    <subfield code="a">Includes bibliographical references and index.</subfield>
  </datafield>
  <datafield tag="520" ind1=" " ind2=" ">
    <subfield code="a">Featuring over 1,500 mammographic images, this atlas is a comprehensive guide to interpreting mammograms. It presents the full spectrum of manifestations of breast diseases, as well as cases involving the postsurgical and augmented breast. Chapters are organized according to the pattern seen on the mammogram to develop readers' pattern recognition skills and to allow quick and complete definition of etiologies and clinical implications for a particular finding. This edition includes new chapters on the augmented breast, the role of ultrasound and MRI in breast imaging, and imaging-guided breast interventions. The terminology of the BI-RADS(R) lexicon is used throughout</subfield>
  </datafield>
  <datafield tag="546" ind1=" " ind2=" ">
    <subfield code="a">Eng</subfield>
  </datafield>
  <datafield tag="650" ind1=" " ind2=" ">
    <subfield code="a">Breast Cancer Diagnosis</subfield>
    <subfield code="9">7659</subfield>
  </datafield>
  <datafield tag="650" ind1=" " ind2=" ">
    <subfield code="a">Mammography</subfield>
    <subfield code="9">13214</subfield>
  </datafield>
  <datafield tag="650" ind1=" " ind2=" ">
    <subfield code="a">radiography</subfield>
  </datafield>
  <datafield tag="942" ind1=" " ind2=" ">
    <subfield code="c">BK</subfield>
  </datafield>
  <datafield tag="999" ind1=" " ind2=" ">
    <subfield code="c">141274</subfield>
    <subfield code="d">141274</subfield>
  </datafield>
  <datafield tag="952" ind1=" " ind2=" ">
    <subfield code="0">0</subfield>
    <subfield code="1">0</subfield>
    <subfield code="4">0</subfield>
    <subfield code="7">0</subfield>
    <subfield code="a">HSC</subfield>
    <subfield code="b">HSC</subfield>
    <subfield code="d">2026-06-24</subfield>
    <subfield code="l">0</subfield>
    <subfield code="o">616.9944907572 PAR-A</subfield>
    <subfield code="p">153226</subfield>
    <subfield code="r">2026-06-24 18:10:16</subfield>
    <subfield code="w">2026-06-24</subfield>
    <subfield code="y">BK</subfield>
  </datafield>
  <datafield tag="952" ind1=" " ind2=" ">
    <subfield code="0">0</subfield>
    <subfield code="1">0</subfield>
    <subfield code="4">0</subfield>
    <subfield code="7">0</subfield>
    <subfield code="a">HSC</subfield>
    <subfield code="b">HSC</subfield>
    <subfield code="d">2026-06-24</subfield>
    <subfield code="l">0</subfield>
    <subfield code="o">616.9944907572 PAR-A</subfield>
    <subfield code="p">153227</subfield>
    <subfield code="r">2026-06-24 18:10:31</subfield>
    <subfield code="t">C.2</subfield>
    <subfield code="w">2026-06-24</subfield>
    <subfield code="y">BK</subfield>
  </datafield>
  <datafield tag="952" ind1=" " ind2=" ">
    <subfield code="0">0</subfield>
    <subfield code="1">0</subfield>
    <subfield code="4">0</subfield>
    <subfield code="7">0</subfield>
    <subfield code="a">HSC</subfield>
    <subfield code="b">HSC</subfield>
    <subfield code="d">2026-06-24</subfield>
    <subfield code="l">0</subfield>
    <subfield code="o">616.9944907572 PAR-A</subfield>
    <subfield code="p">153228</subfield>
    <subfield code="r">2026-06-24 18:10:47</subfield>
    <subfield code="t">C.3</subfield>
    <subfield code="w">2026-06-24</subfield>
    <subfield code="y">BK</subfield>
  </datafield>
  <datafield tag="952" ind1=" " ind2=" ">
    <subfield code="0">0</subfield>
    <subfield code="1">0</subfield>
    <subfield code="4">0</subfield>
    <subfield code="7">0</subfield>
    <subfield code="a">HSC</subfield>
    <subfield code="b">HSC</subfield>
    <subfield code="d">2026-06-24</subfield>
    <subfield code="l">0</subfield>
    <subfield code="o">616.9944907572 PAR-A</subfield>
    <subfield code="p">153224</subfield>
    <subfield code="r">2026-06-24 18:11:05</subfield>
    <subfield code="t">C.4</subfield>
    <subfield code="w">2026-06-24</subfield>
    <subfield code="y">BK</subfield>
  </datafield>
  <datafield tag="952" ind1=" " ind2=" ">
    <subfield code="0">0</subfield>
    <subfield code="1">0</subfield>
    <subfield code="4">0</subfield>
    <subfield code="7">0</subfield>
    <subfield code="a">HSC</subfield>
    <subfield code="b">HSC</subfield>
    <subfield code="d">2026-06-24</subfield>
    <subfield code="l">0</subfield>
    <subfield code="o">616.9944907572 PAR-A</subfield>
    <subfield code="p">153229</subfield>
    <subfield code="r">2026-06-24 18:11:00</subfield>
    <subfield code="t">C.5</subfield>
    <subfield code="w">2026-06-24</subfield>
    <subfield code="y">BK</subfield>
  </datafield>
  <datafield tag="952" ind1=" " ind2=" ">
    <subfield code="0">0</subfield>
    <subfield code="1">0</subfield>
    <subfield code="4">0</subfield>
    <subfield code="7">0</subfield>
    <subfield code="a">HSC</subfield>
    <subfield code="b">HSC</subfield>
    <subfield code="d">2026-06-24</subfield>
    <subfield code="l">0</subfield>
    <subfield code="o">616.9944907572 PAR-A</subfield>
    <subfield code="p">153225</subfield>
    <subfield code="r">2026-06-24 18:11:41</subfield>
    <subfield code="t">C.6</subfield>
    <subfield code="w">2026-06-24</subfield>
    <subfield code="y">BK</subfield>
  </datafield>
  <datafield tag="952" ind1=" " ind2=" ">
    <subfield code="0">0</subfield>
    <subfield code="1">0</subfield>
    <subfield code="4">0</subfield>
    <subfield code="7">0</subfield>
    <subfield code="a">HSC</subfield>
    <subfield code="b">HSC</subfield>
    <subfield code="d">2026-06-24</subfield>
    <subfield code="l">0</subfield>
    <subfield code="o">616.9944907572 PAR-A</subfield>
    <subfield code="p">153230</subfield>
    <subfield code="r">2026-06-24 18:12:16</subfield>
    <subfield code="t">C.7</subfield>
    <subfield code="w">2026-06-24</subfield>
    <subfield code="y">BK</subfield>
  </datafield>
  <datafield tag="952" ind1=" " ind2=" ">
    <subfield code="0">0</subfield>
    <subfield code="1">0</subfield>
    <subfield code="4">0</subfield>
    <subfield code="7">0</subfield>
    <subfield code="a">HSC</subfield>
    <subfield code="b">HSC</subfield>
    <subfield code="d">2026-06-24</subfield>
    <subfield code="l">0</subfield>
    <subfield code="o">616.9944907572 PAR-A</subfield>
    <subfield code="p">153231</subfield>
    <subfield code="r">2026-06-24 18:12:45</subfield>
    <subfield code="t">C.8</subfield>
    <subfield code="w">2026-06-24</subfield>
    <subfield code="y">BK</subfield>
  </datafield>
  <datafield tag="952" ind1=" " ind2=" ">
    <subfield code="0">0</subfield>
    <subfield code="1">0</subfield>
    <subfield code="4">0</subfield>
    <subfield code="7">0</subfield>
    <subfield code="a">HSC</subfield>
    <subfield code="b">HSC</subfield>
    <subfield code="d">2026-06-24</subfield>
    <subfield code="l">0</subfield>
    <subfield code="o">616.9944907572 PAR-A</subfield>
    <subfield code="p">153232</subfield>
    <subfield code="r">2026-06-24 18:13:08</subfield>
    <subfield code="t">C.9</subfield>
    <subfield code="w">2026-06-24</subfield>
    <subfield code="y">BK</subfield>
  </datafield>
  <datafield tag="952" ind1=" " ind2=" ">
    <subfield code="0">0</subfield>
    <subfield code="1">0</subfield>
    <subfield code="4">0</subfield>
    <subfield code="7">0</subfield>
    <subfield code="a">HSC</subfield>
    <subfield code="b">HSC</subfield>
    <subfield code="d">2026-06-24</subfield>
    <subfield code="l">0</subfield>
    <subfield code="o">616.9944907572 PAR-A</subfield>
    <subfield code="p">153233</subfield>
    <subfield code="r">2026-06-24 18:13:37</subfield>
    <subfield code="t">C.10</subfield>
    <subfield code="w">2026-06-24</subfield>
    <subfield code="y">BK</subfield>
  </datafield>
</record>
